00713nac a22002051u 4500010001600000035001900016082001800035090001500053100003400068245011500102250001200217260002800229300002700257500001500284500004200299650002000341942002000361999001500381952011100396 a 52002865 a(OCoLC)5198921 a621.165bK215 c3317d3317 aKearton, W. J. 00aSteam turbine operation;ba textbook on the installation, running, maintenance, and testing of steam turbines. a6th ed. aLondon,bPitmanc[1952] a453 p.billus.c23 cm. aDonations. aDonations - Bibliotheca Alexandrina. 0aSteam-turbines. cBBk621.165K215 c3317d3317 00102ddc4070aMAINbMAINc1STd2007-04-03ePurchasel0o621.165 KEAp000030367r2025-07-15 00:00:00yBB